Uma família feliz (Registo nº 3135)

Detalhes MARC
000 -Etiqueta do registo
Cabeçalho 00879nam a22002771 4500
005 - Identificador da versão
Campo de controlo 20240813121954.0
095 ## -
-- PTBN00269728
021 ## - Número do Depósito Legal
Código do país PT
Número 41494/90
100 ## - Dados gerais de processamento
Dados gerais de processamento 20010429d1990 c y0pory5003 ba
102 ## - Pais de publicação ou produção
País de publicação Portugal
101 0# - Língua de publicação
Língua do texto, banda sonora, etc. Português
106 ## - Campo de dados codificados: material textual
Dados codificados do material textual r
105 ## - Campo de dados codificados: livros
Dados codificados dos livros a z 000yy
215 ## - Descrição física 
Indicação específica da natureza do documento e extensão da espécie 23, [1] p.
Outras indicações físicas il.
Dimensões 21 cm
200 1# - Titulo e menção de responsabilidade
Título próprio Uma família feliz
Primeira menção de responsabilidade texto de Maria do Céu Sampaio
Outras menções de responsabilidade il. Ana Plácido
-- ed. lit. Liga Portuguesa dos Direitos do Animal
210 ## - Publicação, Distribuição, etc. 
Lugar da edição, distribuição, etc. [Lisboa]
Nome do editor, distribuidor, etc. Liga Portuguesa dos Direitos do Animal
Data da publicação, distribuição, etc. D.L. 1990
606 ## - Nome comum usado como assunto
Número de registo de entrada de autoridade 0002342
Palavra de ordem Ciências sociais
Subdivisão de assunto Sociedade
675 ## - Classificação Decimal Universal (CDU)
Notação 39
Edição
Língua da edição por
702 #1 - Nome de autor-pessoa física (responsabilidade secundária)
Número de registo de entrada de autoridade 0002361
Palavra de ordem Plácido
Outra parte do nome não tomada para palavra de ordem Ana
Código de função Ilustrador / Técnico de desenho computorizado
712 02 - Nome de colectividade-autor (responsabilidade secundária)
Número de registo de entrada de autoridade 0002362
Palavra de ordem Liga Portuguesa dos Direitos do Animal
Código de função Responsável editorial
700 #1 - Nome de autor-pessoa física (responsabilidade principal)
Número de registo de entrada de autoridade 0000332
Palavra de ordem Sampaio
Outra parte do nome não tomada para palavra de ordem Maria do Céu
942 ## - Elementos de entrada adicionados (Koha)
Tipo de item no Koha Livro
Exemplares
Situação do levantamento Origin of item (home branch) (coded) Biblioteca de empréstimo Código de barras Cota Circulation type (not for loan) Tipo de documento Nota do exemplar Damaged status
  Biblioteca Escolar da Coca Maravilhas Biblioteca Escolar da Coca Maravilhas BECM3489/98 3SOC SAM   Livro Sem mensagem  
  Biblioteca Escolar da Coca Maravilhas Biblioteca Escolar da Coca Maravilhas BECM4977/01 3SOC SAM   Livro Sem mensagem